Giáo trình lý thuyết thông tin

Giới thiệu những khái niệm cơ bản về lý thuyết thông tin; Tín hiệu; Lượng tin, entropi nguồn rời rạc; Lý thuyết mã; Giới thiệu về hệ mật mã.

Gorde:
Xehetasun bibliografikoak
Egile nagusia: Vũ Vinh Quang ((Chủ biên))
Beste egile batzuk: Nguyễn Đình Dũng, Nguyễn Hiền Trinh, Dương Thị Mai Thương
Formatua: Liburua
Hizkuntza:Vietnamese
Argitaratua: Thái Nguyên NXB Thái Nguyên 2010
Gaiak:
Etiketak: Etiketa erantsi
Etiketarik gabe, Izan zaitez lehena erregistro honi etiketa jartzen!
Thư viện lưu trữ: Thư viện Trường Đại học Nam Cần Thơ
LEADER 01235nam a22002297a 4500
001 NCT_92387
008 211119b xxu||||| |||| 00| 0 vie d
999 |c 4567  |d 4567 
082 0 4 |2 23rd ed.  |a 003.54  |b Qu106 
100 1 |a Vũ Vinh Quang  |e (Chủ biên) 
245 1 0 |a Giáo trình lý thuyết thông tin  |c Vũ Vinh Quang (Chủ biên); Nguyễn Đình Dũng, Nguyễn Hiền Trinh, Dương Thị Mai Thương 
260 |a Thái Nguyên  |b NXB Thái Nguyên  |c 2010 
300 |a 136 tr.  |c 21cm 
500 |a ĐTTS ghi: Đại học Thái Nguyên. Khoa Công nghệ thông tin 
520 3 |a Giới thiệu những khái niệm cơ bản về lý thuyết thông tin; Tín hiệu; Lượng tin, entropi nguồn rời rạc; Lý thuyết mã; Giới thiệu về hệ mật mã. 
653 |a Công nghệ thông tin 
700 1 |a Nguyễn Đình Dũng 
700 1 |a Nguyễn Hiền Trinh 
700 1 |a Dương Thị Mai Thương 
942 |2 ddc  |c BK 
952 |0 0  |1 0  |2 ddc  |4 0  |6 003_540000000000000_QU106  |7 0  |9 21667  |a 000001  |b 000001  |d 2021-11-19  |o 003.54 Qu106  |p MD.19042  |r 2021-11-19  |w 2021-11-19  |y BK 
980 |a Thư viện Trường Đại học Nam Cần Thơ